| 000 | 00524nam a22001815i 4500 | ||
|---|---|---|---|
| 999 |
_c12392 _d12392 |
||
| 003 | OSt | ||
| 005 | 20240116144207.0 | ||
| 008 | 211228s2022 mau 000 0 eng | ||
| 020 |
_a9783035625042 _q(paperback) |
||
| 040 |
_aDLC _beng _erda _cDLC |
||
| 082 |
_a001.4226 _bLAC |
||
| 100 | 1 |
_aLachenmeier, Nicole, _eauthor. |
|
| 245 | 1 | 0 |
_aVisualizing complexity : _bmodular information design handbook / _cNicole Lachenmeier, Darjan Hil. |
| 263 | _a2205 | ||
| 300 | _apages cm | ||
| 700 | 1 |
_aHil, Darjan, _eauthor. |
|
| 942 | _2ddc | ||